Sociology of the body : (Record no. 14620)

MARC details
000 -LEADER
fixed length control field 03228cam a2200505 i 4500
001 - CONTROL NUMBER
control field 19137643
003 - CONTROL NUMBER IDENTIFIER
control field mut
005 - DATE AND TIME OF LATEST TRANSACTION
control field 20240606081317.0
008 - FIXED-LENGTH DATA ELEMENTS--GENERAL INFORMATION
fixed length control field 160615t20162016onc b 000 0 eng
010 ## - LIBRARY OF CONGRESS CONTROL NUMBER
LC control number 2015303359
016 ## - NATIONAL BIBLIOGRAPHIC AGENCY CONTROL NUMBER
Record control number 20159085217
020 ## - INTERNATIONAL STANDARD BOOK NUMBER
International Standard Book Number 9780199019236
Qualifying information (paperback)
020 ## - INTERNATIONAL STANDARD BOOK NUMBER
International Standard Book Number 0199019231
Qualifying information (paperback)
035 ## - SYSTEM CONTROL NUMBER
System control number (OCoLC)ocn932844299
040 ## - CATALOGING SOURCE
Original cataloging agency NLC
Language of cataloging eng
Transcribing agency mut
Description conventions rda
Modifying agency OCLCO
-- OCLCF
-- OCLCO
-- YDXCP
-- UAB
-- CDX
-- OCLCQ
-- LTSCA
-- DLC
042 ## - AUTHENTICATION CODE
Authentication code lccopycat
050 00 - LIBRARY OF CONGRESS CALL NUMBER
Classification number HM636
Item number .S62 2016
055 #0 - CLASSIFICATION NUMBERS ASSIGNED IN CANADA
Classification number HM636
Item number S63 2016
082 04 - DEWEY DECIMAL CLASSIFICATION NUMBER
Classification number 306.4
Edition information 23
245 00 - TITLE STATEMENT
Title Sociology of the body :
Remainder of title a reader /
250 ## - EDITION STATEMENT
Edition statement Second edition.
264 #1 - PRODUCTION, PUBLICATION, DISTRIBUTION, MANUFACTURE, AND COPYRIGHT NOTICE
Place of production, publication, distribution, manufacture Don Mills, Ontario, Canada :
Name of producer, publisher, distributor, manufacturer Oxford University Press,
Date of production, publication, distribution, manufacture, or copyright notice [2016]
264 #4 - PRODUCTION, PUBLICATION, DISTRIBUTION, MANUFACTURE, AND COPYRIGHT NOTICE
Date of production, publication, distribution, manufacture, or copyright notice ©2016
300 ## - PHYSICAL DESCRIPTION
Extent xviii, 350 pages ;
Dimensions 23 cm
336 ## - CONTENT TYPE
Content type term text
Content type code txt
Source rdacontent
337 ## - MEDIA TYPE
Media type term unmediated
Media type code n
Source rdamedia
338 ## - CARRIER TYPE
Carrier type term volume
Carrier type code nc
Source rdacarrier
500 ## - GENERAL NOTE
General note First edition published in 2008.
504 ## - BIBLIOGRAPHY, ETC. NOTE
Bibliography, etc. note Includes bibliographical references.
520 ## - SUMMARY, ETC.
Summary, etc. "Sociology of the Body: A Reader brings together forty-two essays exploring the multitude of ways in which human bodies shape and are shaped by society. Revised to reflect the current state of the field, this second edition now incorporates an overarching intersectional approach to conceptualizing the body--both in relation to social processes, such as medicalization and reproduction, and social relationships, such as the construction of difference. The volume has therefore been carefully updated and re-organized not only to illuminate how bodies are used, shaped, presented, understood, and managed in society, but also to show how complex interactions of gender, sexuality, nationhood, ability and other social categories work together in the creation of inequality. This second edition also enhances theoretical and historical foundations of the book, helping students to better comprehend historical continuities and discontinuities of the social treatment and understanding of the body. Detailed, thought-provoking, and altogether current, this collection remains an essential introduction to the theories, issues, and perspectives informing a sociological understanding of the body today."--
Assigning source Provided by publisher.
650 #0 - SUBJECT ADDED ENTRY--TOPICAL TERM
Topical term or geographic name entry element Human body
General subdivision Social aspects.
650 #0 - SUBJECT ADDED ENTRY--TOPICAL TERM
Topical term or geographic name entry element Body image
General subdivision Social aspects.
650 #0 - SUBJECT ADDED ENTRY--TOPICAL TERM
Topical term or geographic name entry element Health
General subdivision Social aspects.
650 #7 - SUBJECT ADDED ENTRY--TOPICAL TERM
Topical term or geographic name entry element Body image
General subdivision Social aspects.
Source of heading or term fast
Authority record control number or standard number (OCoLC)fst00835349
650 #7 - SUBJECT ADDED ENTRY--TOPICAL TERM
Topical term or geographic name entry element Health
General subdivision Social aspects.
Source of heading or term fast
Authority record control number or standard number (OCoLC)fst00952795
650 #7 - SUBJECT ADDED ENTRY--TOPICAL TERM
Topical term or geographic name entry element Human body
General subdivision Social aspects.
Source of heading or term fast
Authority record control number or standard number (OCoLC)fst01730101
700 1# - ADDED ENTRY--PERSONAL NAME
Personal name Low, Jacqueline,
Dates associated with a name 1964-
Relator term author,
-- editor.
700 1# - ADDED ENTRY--PERSONAL NAME
Personal name Malacrida, Claudia,
Dates associated with a name 1953-
Relator term author,
-- editor.
856 42 - ELECTRONIC LOCATION AND ACCESS
Materials specified Contributor biographical information
Uniform Resource Identifier <a href="https://www.loc.gov/catdir/enhancements/fy1622/2015303359-b.html">https://www.loc.gov/catdir/enhancements/fy1622/2015303359-b.html</a>
856 42 - ELECTRONIC LOCATION AND ACCESS
Materials specified Publisher description
Uniform Resource Identifier <a href="https://www.loc.gov/catdir/enhancements/fy1622/2015303359-d.html">https://www.loc.gov/catdir/enhancements/fy1622/2015303359-d.html</a>
856 41 - ELECTRONIC LOCATION AND ACCESS
Materials specified Table of contents only
Uniform Resource Identifier <a href="https://www.loc.gov/catdir/enhancements/fy1622/2015303359-t.html">https://www.loc.gov/catdir/enhancements/fy1622/2015303359-t.html</a>
906 ## - LOCAL DATA ELEMENT F, LDF (RLIN)
a 7
b cbc
c copycat
d 2
e ncip
f 20
g y-gencatlg
942 ## - ADDED ENTRY ELEMENTS (KOHA)
Source of classification or shelving scheme Library of Congress Classification
Koha item type Books
Holdings
Withdrawn status Lost status Source of classification or shelving scheme Damaged status Not for loan Home library Current library Shelving location Date acquired Source of acquisition Total checkouts Full call number Barcode Date last seen Date last checked out Price effective from Koha item type
    Library of Congress Classification     Murang'a University of Technology Library Murang'a University of Technology Library General stacks 23/11/2017 Donation-TFC 1 HM636 .S62 2016 017177 30/08/2024 27/11/2023 23/11/2017 Books